| 000 | 00536nam a2200157 a 4500 | ||
|---|---|---|---|
| 001 | 000029111 | ||
| 005 | 20200930055335.0 | ||
| 008 | 110413s2004 dr c 000 0 spa d | ||
| 040 |
_aDO-SdBNP _bspa _cBNPHU |
||
| 082 |
_axxxx _bG216v |
||
| 100 | 1 |
_aGarcía Fernández, Porfirio _917488 |
|
| 245 | 1 | 0 |
_aVigencia del pensamiento de Duarte en la sociedad dominicana de inicios del siglo XXI / _cPorfirio García Fernández. |
| 260 |
_aSanto Domingo : _bEditora Universitaria, _c2004. |
||
| 300 |
_a27 p. : _bretrs. ; _c21 cm. |
||
| 049 | _aBNPD | ||
| 999 |
_c28603 _d28603 |
||